[Event "Helsingor Xtracon op"]
[Site "Helsingor"]
[Date "2019.07.22"]
[Round "4"]
[White "Poulsen, Knud"]
[Black "Rolvag, Birk Anders"]
[Result "0-1"]
[WhiteElo "1743"]
[BlackElo "1956"]
[PlyCount "118"]
[EventDate "2019.07.20"]
[EventType "swiss"]
[EventRounds "10"]
[EventCountry "DEN"]
[SourceTitle "CBM 191 Extra"]
[Source "ChessBase"]
[SourceDate "2019.09.30"]
[SourceVersion "1"]
[SourceVersionDate "2019.09.30"]
[SourceQuality "1"]

1. c4 e5 2. Nc3 Nc6 3. g3 g6 4. Bg2 Bg7 5. d3 Nge7 6. Nh3 0-0 7. 0-0 d6 8. f4 h6 9. Nf2 Be6 10. e4 f5 11. Nd5 Rb8 12. a4 Nd4 13. Be3 c6 14. Nc3 fxe4 15. fxe5 dxe5 16. Ncxe4 Nef5 17. Bd2 b6 18. b4 Nd6 19. Rb1 Nxe4 20. Bxe4 Bf5 21. Kg2 Qd7 22. Be3 Bxe4+ 23. dxe4 Qe6 24. Bxd4 exd4 25. Qd3 g5 26. Nh3 Rbe8 27. Rxf8+ Bxf8 28. Nf2 Bg7 29. h3 h5 30. c5 Kh8 31. cxb6 axb6 32. a5 bxa5 33. bxa5 Qa2 34. a6 Rf8 35. Rf1 g4 36. hxg4 hxg4 37. a7 Qxa7 38. Rh1+ Kg8 39. Nxg4 Qa2+ 40. Kg1 Rb8 41. Nf2 Rb1+ 42. Nd1 Qb3 43. Qxb3+ Rxb3 44. Kg2 c5 45. Nf2 c4 46. Ng4 d3 47. Rd1 Kf7 48. e5 Ke6 49. Kg1 Bxe5 50. Re1 Rb5 51. Re3 Kd6 52. Nf2 Rb1+ 53. Kg2 Rb2 54. Rxd3+ cxd3 55. Kf3 Rxf2+ 56. Kxf2 Kd5 57. g4 Kc4 58. Ke1 Kc3 59. Kd1 Bf4 0-1

[Event "Helsingor Xtracon op"]
[Site "Helsingor"]
[Date "2019.07.20"]
[Round "1"]
[White "Rolvag, Birk Anders"]
[Black "Korobov, Anton"]
[Result "0-1"]
[WhiteElo "1956"]
[BlackElo "2687"]
[PlyCount "72"]
[EventDate "2019.07.20"]
[EventType "swiss"]
[EventRounds "10"]
[EventCountry "DEN"]
[SourceTitle "CBM 191 Extra"]
[Source "ChessBase"]
[SourceDate "2019.09.30"]
[SourceVersion "1"]
[SourceVersionDate "2019.09.30"]
[SourceQuality "1"]

1. e4 c5 2. Nc3 e6 3. g3 d5 4. d3 d4 5. Nce2 Nc6 6. Bg2 h5 7. h3 h4 8. g4 e5 9. f4 exf4 10. Bxf4 Nge7 11. Nf3 Ng6 12. Bh2 Bd6 13. 0-0 Bxh2+ 14. Nxh2 Qg5 15. Qc1 Qxc1 16. Raxc1 Be6 17. a3 Rd8 18. Nf3 Ke7 19. c3 dxc3 20. Rxc3 Rd7 21. Kf2 Rhd8 22. Rd1 Nce5 23. Nxe5 Nxe5 24. Nf4 c4 25. Bf1 g5 26. Nxe6 Kxe6 27. Ke3 cxd3 28. Bxd3 Rxd3+ 29. Rdxd3 Rxd3+ 30. Rxd3 Nxd3 31. Kxd3 Ke5 32. Ke3 b5 33. b3 a5 34. b4 a4 35. Kd3 Kf4 36. Kd4 Kg3 0-1

[Event "Helsingor Xtracon op"]
[Site "Helsingor"]
[Date "2016.07.30"]
[Round "9"]
[White "Rolvag, Birk Anders"]
[Black "Eriksson, Christian Altenburg"]
[Result "0-1"]
[WhiteElo "1959"]
[BlackElo "2176"]
[PlyCount "51"]
[EventDate "2016.07.23"]
[EventType "swiss"]
[EventRounds "10"]
[EventCountry "DEN"]
[SourceTitle "CBM 173 Extra"]
[Source "ChessBase"]
[SourceDate "2016.08.29"]
[SourceVersion "1"]
[SourceVersionDate "2016.08.29"]
[SourceQuality "1"]

1. e4 c5 2. Nc3 Nc6 3. g3 g6 4. Bg2 Bg7 5. Nge2 d6 6. d3 e5 7. 0-0 Nge7 8. Be3 0-0 9. Qd2 Nd4 10. f4 f5 11. Nd1 Rb8 12. c3 Nxe2+ 13. Qxe2 b6 14. Nf2 Ba6 15. Rfd1 fxe4 16. Nxe4 d5 17. Ng5 Qd6 18. Re1 e4 19. Qg4 Bxd3 20. Ne6 Rf5 21. Nxg7 Kxg7 22. Rad1 Rd8 23. Bc1 Ng8 24. Rd2 Nh6 25. Qd1 c4 26. Bxe4 0-1

[Event "Helsingor Xtracon op"]
[Site "Helsingor"]
[Date "2016.07.29"]
[Round "8"]
[White "Molvig, Henrik"]
[Black "Rolvag, Birk Anders"]
[Result "1/2-1/2"]
[WhiteElo "2110"]
[BlackElo "1959"]
[PlyCount "33"]
[EventDate "2016.07.23"]
[EventType "swiss"]
[EventRounds "10"]
[EventCountry "DEN"]
[SourceTitle "CBM 173 Extra"]
[Source "ChessBase"]
[SourceDate "2016.08.29"]
[SourceVersion "1"]
[SourceVersionDate "2016.08.29"]
[SourceQuality "1"]

1. d4 Nf6 2. c4 e6 3. Nf3 Bb4+ 4. Nbd2 b6 5. g3 Bb7 6. Bg2 d5 7. Qa4+ Nc6 8. Ne5 Qd6 9. cxd5 exd5 10. 0-0 Bxd2 11. Bxd2 0-0 12. Nxc6 Bxc6 13. Qc2 Rac8 14. Rac1 Bb5 15. a4 Bd7 16. b4 Rfe8 17. e3 1/2-1/2

[Event "Helsingor Xtracon op"]
[Site "Helsingor"]
[Date "2016.07.28"]
[Round "7"]
[White "Rolvag, Birk Anders"]
[Black "Vestjord, Harald Christian"]
[Result "1-0"]
[WhiteElo "1959"]
[BlackElo "1608"]
[PlyCount "67"]
[EventDate "2016.07.23"]
[EventType "swiss"]
[EventRounds "10"]
[EventCountry "DEN"]
[SourceTitle "CBM 173 Extra"]
[Source "ChessBase"]
[SourceDate "2016.08.29"]
[SourceVersion "1"]
[SourceVersionDate "2016.08.29"]
[SourceQuality "1"]

1. d4 d5 2. c4 c6 3. cxd5 cxd5 4. Bf4 Bf5 5. Nc3 Nc6 6. e3 e6 7. Nf3 Nf6 8. Qb3 Qd7 9. Ne5 Qc8 10. Bb5 Nd7 11. 0-0 Ndxe5 12. Bxe5 a6 13. Bxc6+ Qxc6 14. Rfc1 Rc8 15. h3 Qd7 16. Na4 Rc6 17. Nb6 Qd8 18. Rxc6 bxc6 19. Rc1 Be7 20. Bxg7 Rg8 21. Rxc6 Rxg7 22. Rc8 Qxc8 23. Nxc8 Bxh3 24. g3 h5 25. Qa4+ Kf8 26. Nxe7 Kxe7 27. Qxa6 h4 28. Qb7+ Kf6 29. Qb8 Rg5 30. Qh8+ Kg6 31. b4 Bf5 32. Qxh4 Rh5 33. Qf4 Be4 34. f3 1-0

[Event "Helsingor Xtracon op"]
[Site "Helsingor"]
[Date "2016.07.24"]
[Round "3"]
[White "Rolvag, Birk Anders"]
[Black "Delorme, Axel"]
[Result "0-1"]
[WhiteElo "1959"]
[BlackElo "2514"]
[PlyCount "68"]
[EventDate "2016.07.23"]
[EventType "swiss"]
[EventRounds "10"]
[EventCountry "DEN"]
[SourceTitle "CBM 173 Extra"]
[Source "ChessBase"]
[SourceDate "2016.08.29"]
[SourceVersion "1"]
[SourceVersionDate "2016.08.29"]
[SourceQuality "1"]

1. e4 e5 2. Bc4 Nf6 3. d3 c6 4. Bb3 d5 5. Qe2 Bd6 6. Nf3 0-0 7. Nbd2 Nbd7 8. c3 b6 9. 0-0 Ba6 10. c4 Re8 11. Rd1 Nc5 12. Bc2 Ne6 13. Nf1 Qc7 14. b3 b5 15. Bb2 bxc4 16. bxc4 Rab8 17. Bb3 d4 18. Ng3 Nd7 19. Rdb1 Bb4 20. Qc2 Ndc5 21. Ne2 Rb7 22. Bc1 f6 23. Bd2 Reb8 24. Bxb4 Rxb4 25. Nd2 Bc8 26. a3 R4b6 27. Nc1 Bd7 28. Ba2 Ra6 29. Rxb8+ Qxb8 30. Nb1 Rb6 31. Nd2 Rb2 32. Qd1 Nf4 33. Ndb3 Na4 34. g3 Nc3 0-1

[Event "NOR North-ch"]
[Site "Tromsoe"]
[Date "2014.06.09"]
[Round "6"]
[White "Jaeger, Frode Bull"]
[Black "Rolvag, Birk Anders"]
[Result "1-0"]
[WhiteElo "2028"]
[BlackElo "1933"]
[PlyCount "45"]
[EventDate "2014.06.06"]
[EventType "swiss"]
[EventRounds "6"]
[EventCountry "NOR"]
[SourceTitle "EXT 2024"]
[Source "ChessBase"]
[SourceDate "2023.10.10"]
[SourceVersion "1"]
[SourceVersionDate "2023.10.10"]
[SourceQuality "1"]

1. e4 c5 2. Nf3 Nc6 3. Bb5 g6 4. 0-0 Bg7 5. Re1 Nf6 6. e5 Nd5 7. Nc3 Nxc3 8. dxc3 0-0 9. Bf4 b6 10. Qd2 a6 11. Bc4 b5 12. Bf1 Qb6 13. Bh6 Rd8 14. Bxg7 Kxg7 15. Re4 h6 16. Rae1 Rh8 17. Nh4 Nd8 18. f4 Bb7 19. R4e3 d5 20. f5 g5 21. f6+ Kf8 22. e6 Nxe6 23. Ng6+ 1-0

[Event "Narvik Rallarsjakken A"]
[Site "Narvik"]
[Date "2014.04.04"]
[Round "1"]
[White "Rolvag, Birk Anders"]
[Black "Kaasen, Tor Fredrik"]
[Result "1/2-1/2"]
[WhiteElo "2013"]
[BlackElo "1527"]
[PlyCount "82"]
[EventDate "2014.04.04"]
[EventType "swiss"]
[EventRounds "5"]
[EventCountry "NOR"]
[SourceTitle "EXT 2024"]
[Source "ChessBase"]
[SourceDate "2023.10.10"]
[SourceVersion "1"]
[SourceVersionDate "2023.10.10"]
[SourceQuality "1"]

1. e4 e5 2. Bc4 Nf6 3. d3 Bc5 4. Nf3 d6 5. Bb3 0-0 6. c3 Bg4 7. Nbd2 Nc6 8. 0-0 d5 9. Qe2 d4 10. Rd1 b5 11. h3 Bh5 12. Nf1 dxc3 13. bxc3 b4 14. Be3 Bxe3 15. fxe3 bxc3 16. Rac1 Bxf3 17. Qxf3 Na5 18. Rxc3 Nxb3 19. axb3 Qe7 20. Rdc1 Rac8 21. Ng3 g6 22. Rc6 Kg7 23. h4 Rfd8 24. h5 Rd6 25. Rxd6 Qxd6 26. Rf1 h6 27. Rd1 Rb8 28. d4 Rxb3 29. hxg6 fxg6 30. d5 a5 31. Rc1 Rb6 32. Ne2 c6 33. Nc3 Qa3 34. Rf1 Qe7 35. dxc6 Rxc6 36. Nd5 Nxd5 37. exd5 Rf6 38. Qe2 Rxf1+ 39. Qxf1 Qc5 40. Qd3 a4 41. d6 Qc8 1/2-1/2

[Event "NOR-chT lag"]
[Site "Tromsoe"]
[Date "2013.02.22"]
[Round "2"]
[White "Rolvag, Birk Anders"]
[Black "Jaeger, Frode Bull"]
[Result "0-1"]
[WhiteElo "1916"]
[BlackElo "2049"]
[PlyCount "86"]
[EventDate "2013.02.22"]
[EventType "team-swiss"]
[EventRounds "5"]
[EventCountry "NOR"]
[SourceTitle "CBM 153 Extra"]
[Source "ChessBase"]
[SourceDate "2013.04.22"]
[SourceVersion "1"]
[SourceVersionDate "2013.04.22"]
[SourceQuality "1"]

1. c4 Nf6 2. g3 e6 3. Bg2 d5 4. cxd5 exd5 5. Nf3 Be7 6. 0-0 0-0 7. d4 c6 8. Nc3 Bf5 9. Re1 h6 10. Ne5 Nbd7 11. Nd3 Qb6 12. e3 Rfe8 13. b3 a5 14. Nf4 Bd6 15. Nh5 Qd8 16. Nxf6+ Nxf6 17. a4 Qe7 18. Bb2 Bb4 19. Rc1 Qd7 20. f3 Re7 21. Re2 Rae8 22. Qd2 c5 23. Ra1 b6 24. Ba3 Bxa3 25. Rxa3 Qc6 26. Nb5 Bc8 27. Ra1 Ba6 28. dxc5 Bxb5 29. axb5 Qxc5 30. b4 axb4 31. Kf2 d4 32. e4 d3+ 33. Re3 Nd5 34. Qxd3 Nxe3 35. Qxe3 Qxb5 36. Bf1 Qc5 37. Rc1 Qxe3+ 38. Kxe3 Ra7 39. Bc4 Rc7 40. Rc2 Rec8 41. Kd3 b5 42. Bb3 Rxc2 43. Bxc2 Rc3+ 0-1

[Event "Samfunnsalen Blabyen Grand Prix"]
[Site "Samfunnsalen"]
[Date "2012.09.07"]
[Round "2"]
[White "Rolvag, Mikael"]
[Black "Rolvag, Birk Anders"]
[Result "1/2-1/2"]
[WhiteElo "2161"]
[BlackElo "1945"]
[PlyCount "21"]
[EventDate "2012.09.07"]
[EventType "swiss"]
[EventRounds "5"]
[EventCountry "NOR"]
[SourceTitle "EXT 2024"]
[Source "ChessBase"]
[SourceDate "2023.10.10"]
[SourceVersion "1"]
[SourceVersionDate "2023.10.10"]
[SourceQuality "1"]

1. d4 d5 2. Nf3 Nf6 3. Bg5 e6 4. e3 Be7 5. Bd3 h6 6. Bf4 Nbd7 7. Nbd2 b6 8. 0-0 Bb7 9. c3 0-0 10. Ne5 Nxe5 11. Bxe5 1/2-1/2

[Event "Narvik Rallarsjakken A"]
[Site "Narvik"]
[Date "2012.04.20"]
[Round "4"]
[White "Rolvag, Birk Anders"]
[Black "Hanssen, Johnny"]
[Result "1-0"]
[WhiteElo "1951"]
[BlackElo "1967"]
[PlyCount "82"]
[EventDate "2012.04.20"]
[EventType "swiss"]
[EventRounds "5"]
[EventCountry "NOR"]
[SourceTitle "EXT 2024"]
[Source "ChessBase"]
[SourceDate "2023.10.10"]
[SourceVersion "1"]
[SourceVersionDate "2023.10.10"]
[SourceQuality "1"]

1. e4 c5 2. Nc3 Nc6 3. g3 g6 4. Bg2 Bg7 5. d3 e6 6. Be3 b6 7. Nge2 a6 8. 0-0 Nge7 9. Qd2 Rb8 10. Bh6 0-0 11. Bxg7 Kxg7 12. f4 f5 13. Nd1 d5 14. exd5 exd5 15. d4 Qd6 16. Ne3 cxd4 17. Nxd4 Nxd4 18. Qxd4+ Qf6 19. Qxf6+ Kxf6 20. Nxd5+ Nxd5 21. Bxd5 Bd7 22. Rad1 Bb5 23. Rfe1 Rfe8 24. Kf2 Rxe1 25. Rxe1 Bd7 26. Rd1 Be8 27. Bb3 Ke7 28. Re1+ Kd6 29. Re6+ Kd7 30. Re5 Kd6 31. Ke3 Bd7 32. Kd4 b5 33. Rd5+ Ke7 34. Rc5 Rb6 35. Ke5 a5 36. Bd5 Kd8 37. b3 a4 38. c4 axb3 39. axb3 bxc4 40. Bxc4 Ke7 41. Rc7 Rc6 1-0

[Event "Narvik Rallarsjakken A"]
[Site "Narvik"]
[Date "2012.04.20"]
[Round "5"]
[White "Rolvag, Mikael"]
[Black "Rolvag, Birk Anders"]
[Result "1-0"]
[WhiteElo "2201"]
[BlackElo "1951"]
[PlyCount "33"]
[EventDate "2012.04.20"]
[EventType "swiss"]
[EventRounds "5"]
[EventCountry "NOR"]
[SourceTitle "EXT 2024"]
[Source "ChessBase"]
[SourceDate "2023.10.10"]
[SourceVersion "1"]
[SourceVersionDate "2023.10.10"]
[SourceQuality "1"]

1. c4 e6 2. Nc3 d5 3. d4 Nf6 4. Nf3 dxc4 5. e3 a6 6. Bxc4 b5 7. Bb3 Bb7 8. 0-0 Nbd7 9. Qe2 c5 10. Rd1 c4 11. Bc2 Qc7 12. e4 Be7 13. Bg5 h6 14. Bh4 0-0 15. e5 b4 16. exf6 Bxf6 17. Bg3 1-0

[Event "Harstad op"]
[Site "Harstad"]
[Date "2011.10.06"]
[Round "3"]
[White "Sjol, Henrik"]
[Black "Rolvag, Birk Anders"]
[Result "1/2-1/2"]
[WhiteElo "1884"]
[BlackElo "1942"]
[PlyCount "48"]
[EventDate "2011.10.05"]
[EventType "swiss"]
[EventRounds "6"]
[EventCountry "NOR"]
[SourceTitle "EXT 2012"]
[Source "ChessBase"]
[SourceDate "2011.11.24"]
[SourceVersion "1"]
[SourceVersionDate "2011.11.24"]
[SourceQuality "1"]

1. d4 d5 2. Nf3 Nf6 3. e3 e6 4. Bd3 Be7 5. 0-0 0-0 6. Nbd2 b6 7. Qe2 c5 8. c3 Bb7 9. Ne5 Nbd7 10. Nxd7 Nxd7 11. Nf3 Bd6 12. e4 dxe4 13. Bxe4 Bxe4 14. Qxe4 Nf6 15. Qh4 Nd5 16. Qxd8 Rfxd8 17. Bg5 f6 18. Bh4 Rd7 19. Rfe1 Kf7 20. Rad1 Rad8 21. Bg3 Bxg3 22. hxg3 cxd4 23. Rxd4 e5 24. Rd2 Ne7 1/2-1/2

[Event "NOR-chT Nord"]
[Site "Tromsoe"]
[Date "2011.02.22"]
[Round "4"]
[White "Rolvag, Birk Anders"]
[Black "Romsdal, Trond"]
[Result "1-0"]
[WhiteElo "1917"]
[BlackElo "2151"]
[PlyCount "97"]
[EventDate "2011.02.22"]
[EventType "team-tourn"]
[EventRounds "5"]
[EventCountry "NOR"]
[SourceTitle "EXT 2015"]
[Source "ChessBase"]
[SourceDate "2014.11.20"]
[SourceVersion "1"]
[SourceVersionDate "2014.11.20"]
[SourceQuality "1"]

1. e4 c5 2. Nc3 Nc6 3. g3 g6 4. Bg2 Bg7 5. d3 e6 6. Be3 d6 7. Nge2 Nd4 8. 0-0 Ne7 9. Qd2 0-0 10. Nd1 b5 11. Nc1 Rb8 12. c3 Ndc6 13. Bh6 Qb6 14. Bxg7 Kxg7 15. Ne3 f5 16. Ne2 Ba6 17. Nf4 Rf6 18. exf5 gxf5 19. Nh5+ Kf7 20. Nxf6 Kxf6 21. Rfe1 b4 22. Nc2 Ng6 23. h4 Rg8 24. h5 Nf8 25. d4 cxd4 26. Bxc6 d3 27. Qh6+ Kf7 28. Nd4 Bc8 29. Bg2 bxc3 30. bxc3 Qc5 31. Nb3 Qc4 32. Qe3 e5 33. Rad1 Ba6 34. Na5 Qb5 35. Qxa7+ Kf6 36. Qc7 Ne6 37. Qxh7 Rg7 38. Qh6+ Kf7 39. Nb3 f4 40. Be4 Qb6 41. Bg6+ Kg8 42. Nd4 Nxd4 43. cxd4 Qxd4 44. Qg5 Qb6 45. Rb1 d2 46. Red1 Qc7 47. Rxd2 fxg3 48. Qxg3 Bb7 49. Rdb2 1-0

[Event "NOR-chT Nord"]
[Site "Tromsoe"]
[Date "2011.02.22"]
[Round "5"]
[White "Schjelderup, Nils Jakob"]
[Black "Rolvag, Birk Anders"]
[Result "1/2-1/2"]
[WhiteElo "1982"]
[BlackElo "1917"]
[PlyCount "117"]
[EventDate "2011.02.22"]
[EventType "team-tourn"]
[EventRounds "5"]
[EventCountry "NOR"]
[SourceTitle "EXT 2015"]
[Source "ChessBase"]
[SourceDate "2014.11.20"]
[SourceVersion "1"]
[SourceVersionDate "2014.11.20"]
[SourceQuality "1"]

1. e4 e5 2. Bc4 Bc5 3. Nf3 Nc6 4. c3 d6 5. h3 Nf6 6. d3 h6 7. Bb3 0-0 8. Nbd2 a6 9. Nf1 d5 10. Qe2 dxe4 11. dxe4 Nh5 12. g3 Qe7 13. Ne3 Nf6 14. Nh4 Be6 15. Nhf5 Qd8 16. Bc2 Ne7 17. Bd2 Qc8 18. g4 Ng6 19. Ng2 b5 20. 0-0-0 Bxa2 21. g5 hxg5 22. Bxg5 Qe6 23. h4 Nh7 24. Bd2 Ne7 25. Nge3 Nxf5 26. Nxf5 Rfd8 27. Rdg1 Bf8 28. Rg3 Rd7 29. Rhg1 Nf6 30. Qf3 Ne8 31. Qh5 g6 32. Rxg6+ fxg6 33. Rxg6+ Ng7 34. Nxg7 Rxg7 35. Rxe6 Bxe6 36. Bg5 Bf7 37. Qe2 Re8 38. Qe3 Be7 39. f3 Bxg5 40. hxg5 Re6 41. Kd2 Rd6+ 42. Ke2 Bc4+ 43. Kf2 Rdg6 44. Bd3 Bb3 45. Qc5 Rxg5 46. Ke3 Rf7 47. Kf2 Rh5 48. Be2 Rg7 49. Ke3 Rf7 50. Qb4 Be6 51. Qa5 Bc8 52. Qa2 Rh6 53. Qd5 Re6 54. Qd8+ Rf8 55. Qxc7 Rfe8 56. Bd1 R6e7 57. Qc6 Kg7 58. Bb3 Be6 59. Bd5 1/2-1/2

[Event "Hastings Masters op 86th"]
[Site "Hastings"]
[Date "2011.01.04"]
[Round "8"]
[White "Rolvag, Birk Anders"]
[Black "Longson, Sarah N"]
[Result "0-1"]
[WhiteElo "1917"]
[BlackElo "2080"]
[PlyCount "132"]
[EventDate "2010.12.28"]
[EventType "swiss"]
[EventRounds "9"]
[EventCountry "ENG"]
[SourceTitle "CBM 140 Extra"]
[Source "ChessBase"]
[SourceDate "2011.03.01"]
[SourceVersion "1"]
[SourceVersionDate "2011.03.01"]
[SourceQuality "1"]

1. Nf3 Nf6 2. c4 g6 3. g3 Bg7 4. Bg2 0-0 5. Nc3 d5 6. cxd5 Nxd5 7. 0-0 e5 8. Nxd5 Qxd5 9. d3 Qb5 10. Nd2 Be6 11. Ne4 c6 12. a4 Qb4 13. Bd2 Qe7 14. Rc1 Na6 15. Bc3 f5 16. Nd2 Rad8 17. Rb1 Nb4 18. b3 Nd5 19. Bb2 e4 20. Bxg7 Qxg7 21. Qe1 exd3 22. exd3 Rfe8 23. Nc4 Nc3 24. Rc1 Ne2+ 25. Qxe2 Bxc4 26. Qa2 Bxd3 27. Rfd1 Qf7 28. Qd2 Qf6 29. Qb4 Ba6 30. Rxd8 Qxd8 31. Bf1 Bxf1 32. Rxf1 Qe7 33. Qd4 b6 34. Rd1 Qe6 35. Qc3 f4 36. Rc1 fxg3 37. hxg3 Qd5 38. Qc2 c5 39. Rd1 Qe4 40. Qc3 Qe2 41. Rd2 Qe1+ 42. Kg2 Qe4+ 43. Kg1 Qg4 44. Qf6 Qf5 45. Qc3 Re1+ 46. Kg2 Qe4+ 47. f3 Qe6 48. Rd8+ Kf7 49. Rd7+ Qxd7 50. Qxe1 Qd3 51. Qe5 Qc2+ 52. Kg1 Qxb3 53. Qc7+ Kf6 54. Qd8+ Kg7 55. Qe7+ Qf7 56. Qe5+ Kg8 57. Qb8+ Qf8 58. Qxa7 Qxf3 59. Qb8+ Kg7 60. Qc7+ Kh6 61. Qxb6 Qxg3+ 62. Kf1 Qf4+ 63. Kg2 Qxa4 64. Qxc5 Qg4+ 65. Kh2 Qh5+ 66. Qxh5+ Kxh5 0-1

[Event "Hastings Masters op 86th"]
[Site "Hastings"]
[Date "2010.12.30"]
[Round "3"]
[White "Sugden, John N"]
[Black "Rolvag, Birk Anders"]
[Result "1/2-1/2"]
[WhiteElo "2193"]
[BlackElo "1917"]
[PlyCount "68"]
[EventDate "2010.12.28"]
[EventType "swiss"]
[EventRounds "9"]
[EventCountry "ENG"]
[SourceTitle "CBM 140 Extra"]
[Source "ChessBase"]
[SourceDate "2011.03.01"]
[SourceVersion "1"]
[SourceVersionDate "2011.03.01"]
[SourceQuality "1"]

1. e4 e5 2. Nf3 Nf6 3. d4 exd4 4. e5 Ne4 5. Qe2 Nc5 6. Nxd4 Nc6 7. Nxc6 bxc6 8. g3 Ba6 9. Qe3 Bxf1 10. Kxf1 Ne6 11. Nc3 Bc5 12. Qe4 Rb8 13. Kg2 f6 14. Nd1 0-0 15. c3 Rf7 16. b4 Bb6 17. a4 a5 18. bxa5 Bxa5 19. Ra2 f5 20. Qc4 f4 21. Bxf4 Nxf4+ 22. gxf4 Qh4 23. Ne3 Qxf4 24. Qxf4 Rxf4 25. c4 Re4 26. Rd1 Rd8 27. Nf5 Rxe5 28. Nd4 Rb8 29. Nf3 Re4 30. Rxd7 Rxc4 31. Ne5 Rc5 32. f4 Rd5 33. Nxc6 Rxd7 34. Nxb8 Rd6 1/2-1/2